Countries that have signed TPNW - Statistics

General Stats
  • This quiz has been taken 12 times
  • The average score is 20 of 93
Answers on the Map
Answers color-coded by a green-red scale on the quiz's map according to % correct below.
 
Answer Stats
Answer % Correct
Algeria
100%
Angola
33%
Antigua and Barbuda
33%
Austria
33%
Bahamas
33%
Bangladesh
33%
Barbados
33%
Belize
33%
Benin
33%
Bolivia
33%
Botswana
33%
Brunei
33%
Burkina Faso
33%
Cambodia
33%
Chile
33%
Colombia
33%
Comoros
33%
Congo
33%
Costa Rica
33%
Cote d'Ivoire
33%
Dominica
33%
Dominican Republic
33%
Ecuador
33%
El Salvador
33%
Equatorial Guinea
33%
Fiji
33%
Gambia
33%
Grenada
33%
Guatemala
33%
Guinea-Bissau
33%
Guyana
33%
Haiti
33%
Honduras
33%
Indonesia
33%
Ireland
33%
Jamaica
33%
Kazakhstan
33%
Kiribati
33%
Laos
33%
Lesotho
33%
Libya
33%
Liechtenstein
33%
Mozambique
33%
Saint Kitts and Nevis
33%
Saint Lucia
33%
Saint Vincent and the Grenadines
33%
Sao Tome and Principe
33%
Seychelles
33%
Timor-Leste
33%
Togo
33%
Trinidad and Tobago
33%
Tuvalu
33%
Vanuatu
33%
Venezuela
33%
Vietnam
33%
Zambia
33%
Zimbabwe
33%
Brazil
0%
Cabo Verde
0%
Central African Republic
0%
Cuba
0%
Democratic Republic of the Congo
0%
Djibouti
0%
Ghana
0%
Holy See
0%
Madagascar
0%
Malawi
0%
Malaysia
0%
Maldives
0%
Malta
0%
Mexico
0%
Myanmar
0%
Namibia
0%
Nauru
0%
Nepal
0%
New Zealand
0%
Nicaragua
0%
Niger
0%
Nigeria
0%
Palau
0%
Palestine
0%
Panama
0%
Paraguay
0%
Peru
0%
Philippines
0%
Samoa
0%
San Marino
0%
Sierra Leone
0%
South Africa
0%
Sudan
0%
Tanzania
0%
Thailand
0%
Uruguay
0%
No matching quizzes found
Score Distribution
Percent of People with Each Score
Percentile by Number Answered
Your Score History
You have not taken this quiz